| 000 | 01243nam a2200277 i 4500 | ||
|---|---|---|---|
| 001 | 170768 | ||
| 003 | ES-MaACL | ||
| 005 | 20250808062742.0 | ||
| 008 | 090403s1952 sp |||| | spa d | ||
| 100 | 0 |
_aTomás de Aquino, _cSanto _9110514 |
|
| 240 | 1 | 0 |
_aSumma contra gentiles. _lEspañol-Latín |
| 245 | 1 | 0 |
_aSuma contra los gentiles. _nI / _cSanto Tomás de Aquino ; traducción dirigida y revisada por Jesús M. Pla Castellano ; introducciones y notas de Jesús Azagra y Mateo Febrer ; introducción general por José M. de Garganta. |
| 250 | _aEd. bilingüe, en dos tomos, con el texto crítico de la leonina. | ||
| 260 |
_aMadrid : _bLa Editorial Católica, _c1952. |
||
| 300 |
_aXI, 712 p. ; _c20 cm. |
||
| 490 | 1 |
_aBiblioteca de autores cristianos ; _v94 |
|
| 505 | 8 | _aContiene : Libros 1º y 2º. Dios . Su existencia, su naturaleza . La creación y las criaturas | |
| 546 | _aTexto en latín y traducción en español. | ||
| 700 | 0 |
_aGarganta, José María de. _955535 |
|
| 700 | 1 |
_aPla Castellano, Jesús M. _9139731 |
|
| 700 | 1 |
_aAzagra, Jesús. _9139732 |
|
| 700 | 1 |
_aFebrer, Mateo. _9139733 |
|
| 830 | 0 | 0 |
_aBiblioteca de autores cristianos _v94 _9178679 |
| 852 |
_aES-MaACL _jJ-92 _9R.46092 |
||
| 999 |
_c170768 _d170768 |
||